00361nam a2200145Ia 4500008004100000020001800041041000800059082001700067100001300084245004500097260002900142300000800171365000800179700002800187230714s9999 xx 000 0 und d a9790000000000 aeng a005.678bBAH aBahga A. aInternet Of Things bA Hands-On Approach c2014bUniversities Press a520 cRs. aBahga A. & Madisetti V.